[Event "Famalicao op 8th"]
[Site "Vila Nova de Famalicao"]
[Date "2021.07.26"]
[Round "2"]
[White "Veiga, Jose Francisco RP"]
[Black "Perez Mondejar, Adler"]
[Result "1-0"]
[WhiteElo "2406"]
[BlackElo "1895"]
[PlyCount "93"]
[EventDate "2021.07.26"]
[EventType "swiss"]
[EventRounds "9"]
[EventCountry "POR"]
[SourceTitle "CBM 203 Extra"]
[Source "ChessBase"]
[SourceDate "2021.09.30"]
[SourceVersion "1"]
[SourceVersionDate "2021.09.30"]
[SourceQuality "1"]

1. e4 g6 2. d4 Bg7 3. Nc3 d6 4. Be3 a6 5. Qd2 b5 6. h4 h5 7. 0-0-0 Nf6 8. f3 Nc6 9. Bd3 e5 10. d5 Nd4 11. Nb1 c5 12. dxc6 Nxc6 13. Bf1 0-0 14. Qxd6 Qxd6 15. Rxd6 Bb7 16. Nh3 Rfd8 17. Rxd8+ Rxd8 18. c3 Bc8 19. Ng5 Nh7 20. Nxh7 Kxh7 21. Be2 Be6 22. b3 Bh6 23. Bxh6 Kxh6 24. Rd1 Rc8 25. Rd6 Nd4 26. Bf1 Nc6 27. Kb2 Rc7 28. Na3 Kg7 29. c4 b4 30. Nc2 a5 31. Ne3 Kf8 32. Nd5 Bxd5 33. cxd5 Nd4 34. Bc4 Ra7 35. Rb6 Kg7 36. a3 bxa3+ 37. Kxa3 Nc2+ 38. Ka4 Nd4 39. Ra6 Rxa6 40. Bxa6 Kf8 41. Kxa5 Ke7 42. Bc4 Kd6 43. b4 f5 44. Ka6 Nc2 45. b5 Kc7 46. b6+ Kb8 47. d6 1-0

[Event "Platja d'Aro op 5th"]
[Site "Platja d'Aro"]
[Date "2017.06.25"]
[Round "1"]
[White "Kasparova, Tatiana"]
[Black "Perez Mondejar, Adler"]
[Result "1/2-1/2"]
[WhiteElo "2190"]
[BlackElo "1773"]
[PlyCount "102"]
[EventDate "2017.06.25"]
[EventType "swiss"]
[EventRounds "9"]
[EventCountry "ESP"]
[SourceTitle "EXT 2018"]
[Source "ChessBase"]
[SourceDate "2017.10.13"]
[SourceVersion "1"]
[SourceVersionDate "2017.10.13"]
[SourceQuality "1"]

1. e4 c5 2. Nf3 d6 3. d4 cxd4 4. Nxd4 Nf6 5. f3 a6 6. c4 Nc6 7. Nc3 e6 8. Be3 Be7 9. Be2 0-0 10. 0-0 e5 11. Nb3 Na5 12. Rc1 Be6 13. Nd5 Bxd5 14. cxd5 Nxb3 15. Qxb3 Qd7 16. Rc3 Rac8 17. Rfc1 Ne8 18. Qc2 Rxc3 19. Qxc3 Bd8 20. b4 Nc7 21. Qd2 Nb5 22. h3 Nd4 23. Bxd4 exd4 24. Qxd4 Bc7 25. Qd2 Bb6+ 26. Kh2 Re8 27. Qf4 Bd4 28. Qd2 Bb6 29. Bd3 Qe7 30. f4 f5 31. Re1 fxe4 32. Rxe4 Qf7 33. Qe2 Rxe4 34. Qxe4 g6 35. Be2 Kg7 36. Bg4 Qf6 37. Bc8 Qf7 38. f5 Qc7 39. Be6 Qc1 40. fxg6 Qg1+ 41. Kg3 Qf2+ 42. Kg4 hxg6 43. g3 Bd4 44. Qf4 Qxf4+ 45. gxf4 b6 46. Bc8 a5 47. bxa5 bxa5 48. Kg5 Bf6+ 49. Kg4 Bd4 50. f5 gxf5+ 51. Kxf5 Be5 1/2-1/2

[Event "ESP-ch U12"]
[Site "Salobrena"]
[Date "2012.07.03"]
[Round "3.24"]
[White "Gimenez Aguirre, Ismael Alejo"]
[Black "Perez Mondejar, Adler"]
[Result "1-0"]
[WhiteElo "1872"]
[BlackElo "1455"]
[PlyCount "51"]
[EventDate "2012.07.02"]
[EventType "swiss"]
[EventRounds "9"]
[EventCountry "ESP"]
[SourceTitle "EXT 2024"]
[Source "ChessBase"]
[SourceDate "2023.10.10"]
[SourceVersion "1"]
[SourceVersionDate "2023.10.10"]
[SourceQuality "1"]

1. e4 c5 2. Nc3 Nc6 3. g3 g6 4. Bg2 Bg7 5. d3 e6 6. Be3 b6 7. Qd2 Nge7 8. Nge2 Bb7 9. h3 d5 10. exd5 exd5 11. d4 cxd4 12. Nxd4 Qd7 13. Nxc6 Bxc6 14. 0-0-0 0-0-0 15. Bd4 Bxd4 16. Qxd4 Nf5 17. Qd3 d4 18. Bxc6 Qxc6 19. Nb5 a6 20. g4 axb5 21. gxf5 Qc4 22. Qa3 Qa4 23. Qf3 Qa6 24. fxg6 fxg6 25. Qf4 Kd7 26. Qxd4+ 1-0

[Event "Madrid San Viator op 18th"]
[Site "Madrid"]
[Date "2012.05.27"]
[Round "8"]
[White "Algaba Traspuesto, Jose Antonio"]
[Black "Perez Mondejar, Adler"]
[Result "1-0"]
[WhiteElo "1674"]
[BlackElo "1423"]
[PlyCount "53"]
[EventDate "2012.03.25"]
[EventType "swiss"]
[EventRounds "9"]
[EventCountry "ESP"]
[SourceTitle "EXT 2013"]
[Source "ChessBase"]
[SourceDate "2012.11.22"]
[SourceVersion "1"]
[SourceVersionDate "2012.11.22"]
[SourceQuality "1"]

1. d4 Nf6 2. Nf3 g6 3. Nc3 Bg7 4. e4 d5 5. e5 Ne4 6. Nxe4 dxe4 7. Ng5 f6 8. exf6 exf6 9. Nxe4 f5 10. Ng5 Qxd4 11. Bd3 0-0 12. 0-0 Nc6 13. c3 Qd6 14. Bc4+ Kh8 15. Qxd6 cxd6 16. Nf7+ Kg8 17. Nxd6+ Kh8 18. Bg5 Bd7 19. Nf7+ Kg8 20. Nh6+ Kh8 21. Rad1 Bxh6 22. Bxh6 Rfd8 23. Bg5 Re8 24. Rxd7 Rf8 25. Rfd1 Ne5 26. R7d4 Nxc4 27. Rxc4 1-0

[Event "Madrid San Viator op 18th"]
[Site "Madrid"]
[Date "2012.05.13"]
[Round "6"]
[White "Perez Mondejar, Adler"]
[Black "Cujba, Anca Claudia"]
[Result "1-0"]
[WhiteElo "1423"]
[BlackElo "1859"]
[PlyCount "105"]
[EventDate "2012.03.25"]
[EventType "swiss"]
[EventRounds "9"]
[EventCountry "ESP"]
[SourceTitle "EXT 2013"]
[Source "ChessBase"]
[SourceDate "2012.11.22"]
[SourceVersion "1"]
[SourceVersionDate "2012.11.22"]
[SourceQuality "1"]

1. e4 c5 2. c3 d5 3. exd5 Qxd5 4. d4 cxd4 5. cxd4 Nc6 6. Nf3 Bg4 7. Be2 Rd8 8. Nc3 Qa5 9. 0-0 Bxf3 10. Bxf3 Nxd4 11. Bxb7 Qc7 12. Qa4+ Rd7 13. Ba6 e5 14. Nb5 Ne2+ 15. Kh1 Qb6 16. Be3 Bc5 17. Bxc5 Qxc5 18. Nc3 Nxc3 19. bxc3 Ke7 20. Qb4 Qxb4 21. cxb4 Nf6 22. Rfe1 e4 23. f3 Rhd8 24. fxe4 Kf8 25. e5 Ng4 26. h3 Nf2+ 27. Kg1 Nd3 28. Bxd3 Rxd3 29. e6 fxe6 30. Rxe6 Rd2 31. Ra6 Rb2 32. Rxa7 Rdd2 33. Rf1+ Ke8 34. Rxg7 Rxa2 35. Rb1 Kf8 36. Rg5 Kf7 37. h4 Rd4 38. Rh5 Rg4 39. Rg5 Rxh4 40. b5 Ra5 41. Rg3 Rh5 42. b6 Rhb5 43. Rgb3 Rxb3 44. Rxb3 Ra8 45. b7 Rb8 46. Kf2 Kf6 47. Kf3 Kf5 48. Rb5+ Kg6 49. Kg4 Kf6 50. Kf4 Kg6 51. Ke5 Kf7 52. Kd6 Ke8 53. Kc7 1-0

[Event "Madrid San Viator op 17th"]
[Site "Madrid"]
[Date "2011.09.25"]
[Round "1"]
[White "Perez Mondejar, Adler"]
[Black "Navarro Gonzalez, Jaime"]
[Result "0-1"]
[WhiteElo "1398"]
[BlackElo "1800"]
[PlyCount "188"]
[EventDate "2011.09.25"]
[EventType "swiss"]
[EventRounds "9"]
[EventCountry "ESP"]
[SourceTitle "EXT 2012"]
[Source "ChessBase"]
[SourceDate "2011.11.24"]
[SourceVersion "1"]
[SourceVersionDate "2011.11.24"]
[SourceQuality "1"]

1. e4 e5 2. Nf3 Nc6 3. Bc4 Nf6 4. Ng5 d5 5. exd5 Na5 6. Bb5+ Bd7 7. Bxd7+ Qxd7 8. Nc3 Nxd5 9. 0-0 0-0-0 10. Nxd5 Qxd5 11. Qf3 Qxf3 12. Nxf3 f6 13. d3 Nc6 14. Be3 Be7 15. Rfd1 g5 16. d4 e4 17. d5 Nb4 18. Nd4 Nxd5 19. Nf5 Rhe8 20. Ng7 Nxe3 21. fxe3 Rg8 22. Nf5 Bc5 23. Kf2 Rge8 24. Ng7 Re5 25. g4 Red5 26. Rxd5 Rxd5 27. Re1 Kd7 28. Nf5 h5 29. h3 h4 30. Ke2 Bd6 31. Rd1 Rb5 32. b3 Ra5 33. a4 b5 34. axb5 Rxb5 35. Rd4 Re5 36. Ra4 a5 37. Rd4 Kc6 38. Kd1 Bc5 39. Rc4 Kb5 40. Ke2 Bd6 41. Rd4 Bb4 42. Kd1 c6 43. Rd8 Rd5+ 44. Rxd5+ cxd5 45. Nd4+ Kc5 46. Ne6+ Kd6 47. Nd4 Kc5 48. Ne6+ Kb6 49. Nd4 Bc3 50. Nf5 Kc5 51. Ke2 Kb4 52. Kd1 a4 53. bxa4 Kxa4 54. Kc1 Kb5 55. Kd1 Kc5 56. Ke2 Be5 57. Kd2 Kb4 58. Kc1 Kc3 59. Kd1 d4 60. exd4 Bxd4 61. Kc1 Be5 62. Kd1 Bf4 63. Ke1 Kxc2 64. Ke2 Kc3 65. Nh6 Kd4 66. Nf5+ Ke5 67. Nh6 Bc1 68. Nf5 Kf4 69. Kd1 Bb2 70. Ke2 Be5 71. Kf2 Bc3 72. Ke2 Be5 73. Kf2 Bc7 74. Ke2 Bb6 75. Ke1 Kf3 76. Kf1 e3 77. Ke1 Ba5+ 78. Kd1 e2+ 79. Kc2 e1Q 80. Nd4+ Kg2 81. Kd3 Qd2+ 82. Ke4 Qxd4+ 83. Kxd4 Kxh3 84. Ke4 Kxg4 85. Kd5 h3 86. Kd6 h2 87. Kd7 h1Q 88. Ke7 Qc6 89. Kf7 f5 90. Kg7 Kh5 91. Kf8 Qb7 92. Ke8 Kg6 93. Kf8 Bb4+ 94. Ke8 Qe7# 0-1

[Event "Figueres op 12th"]
[Site "Figueres"]
[Date "2011.08.12"]
[Round "2"]
[White "Perez Mondejar, Adler"]
[Black "Bosch Sola, Enric"]
[Result "0-1"]
[WhiteElo "1348"]
[BlackElo "1820"]
[PlyCount "80"]
[EventDate "2011.08.11"]
[EventType "swiss"]
[EventRounds "9"]
[EventCountry "ESP"]
[SourceTitle "CBM 143 Extra"]
[Source "ChessBase"]
[SourceDate "2011.08.29"]
[SourceVersion "1"]
[SourceVersionDate "2011.08.29"]
[SourceQuality "1"]

1. e4 c5 2. c3 d6 3. d4 cxd4 4. Nf3 dxc3 5. Nxc3 g6 6. Bc4 Bg7 7. 0-0 a6 8. e5 Qc7 9. Bb3 dxe5 10. Nd5 Qd6 11. Be3 Nd7 12. Nb6 Nxb6 13. Qxd6 exd6 14. Bxb6 Be6 15. Bxe6 fxe6 16. Rfd1 d5 17. Bc7 e4 18. Be5 Bxe5 19. Nxe5 Ne7 20. Rac1 Rc8 21. Rxc8+ Nxc8 22. Rc1 Nd6 23. Rc7 0-0 24. Rd7 Nf7 25. Nxf7 Rxf7 26. Rxf7 Kxf7 27. Kf1 Kf6 28. Ke2 Ke5 29. Kd2 d4 30. a3 Kf4 31. Ke2 d3+ 32. Kd2 h5 33. h4 Kg4 34. g3 Kf3 35. Ke1 d2+ 36. Kxd2 Kxf2 37. b4 e3+ 38. Kc3 b5 39. Kd4 e2 40. Kc5 e1Q 0-1